<?xml version="1.0" encoding="UTF-8"?><?xml-stylesheet type="text/xsl" href="static/style.xsl"?><OAI-PMH xmlns="http://www.openarchives.org/OAI/2.0/" xmlns:xsi="http://www.w3.org/2001/XMLSchema-instance" xsi:schemaLocation="http://www.openarchives.org/OAI/2.0/ http://www.openarchives.org/OAI/2.0/OAI-PMH.xsd"><responseDate>2026-04-30T05:19:40Z</responseDate><request verb="GetRecord" identifier="oai:uvadoc.uva.es:10324/74497" metadataPrefix="marc">https://uvadoc.uva.es/oai/request</request><GetRecord><record><header><identifier>oai:uvadoc.uva.es:10324/74497</identifier><datestamp>2025-01-28T20:03:10Z</datestamp><setSpec>com_10324_1157</setSpec><setSpec>com_10324_931</setSpec><setSpec>com_10324_894</setSpec><setSpec>col_10324_1298</setSpec></header><metadata><record xmlns="http://www.loc.gov/MARC21/slim" xmlns:doc="http://www.lyncode.com/xoai" xmlns:xsi="http://www.w3.org/2001/XMLSchema-instance" xmlns:dcterms="http://purl.org/dc/terms/" xsi:schemaLocation="http://www.loc.gov/MARC21/slim http://www.loc.gov/standards/marcxml/schema/MARC21slim.xsd">
<leader>00925njm 22002777a 4500</leader>
<datafield tag="042" ind1=" " ind2=" ">
<subfield code="a">dc</subfield>
</datafield>
<datafield tag="720" ind1=" " ind2=" ">
<subfield code="a">Sandoval Olvera, Ivette G.</subfield>
<subfield code="e">author</subfield>
</datafield>
<datafield tag="720" ind1=" " ind2=" ">
<subfield code="a">González Muñoz, Pilar</subfield>
<subfield code="e">author</subfield>
</datafield>
<datafield tag="720" ind1=" " ind2=" ">
<subfield code="a">Palacio Martínez, Laura</subfield>
<subfield code="e">author</subfield>
</datafield>
<datafield tag="720" ind1=" " ind2=" ">
<subfield code="a">Hernández Giménez, Antonio</subfield>
<subfield code="e">author</subfield>
</datafield>
<datafield tag="720" ind1=" " ind2=" ">
<subfield code="a">Ávila Rodríguez, Mario</subfield>
<subfield code="e">author</subfield>
</datafield>
<datafield tag="720" ind1=" " ind2=" ">
<subfield code="a">Prádanos del Pico, Pedro Lourdes</subfield>
<subfield code="e">author</subfield>
</datafield>
<datafield tag="260" ind1=" " ind2=" ">
<subfield code="c">2019</subfield>
</datafield>
<datafield tag="520" ind1=" " ind2=" ">
<subfield code="a">Ultrafiltration, UF, membranes positively-charged on a substrate of polyvinylidene fluoride, PVDF, have been modified by the deposition of a layer of poly(styrenesulfonate), PSS, which is negatively charged. These membranes have been treated by radiofrequency plasma at different powers and with different gases (argon, air and carbon dioxide). The membrane treated at 10.2 W with argon gave the best chromate retentions with good stability in water, alkaline and acid media.&#xd;
Surface zeta potential measurements confirmed a positive surface charge on the PVDF-substrate membranes, whereas those modified with PSS and argon-plasma treatment had a negative charge in the pH range 3–10. FTIR-ATR showed a true grafting of PSS on PVDF for the medium-power argon-treated membrane. SEM pictures of transversal sections confirmed continuity between the PVDF substrate, modified by the manufacturer, and the PSS layer. The chromium found on the modified membranes confirmed an electrostatically-determined retention. Pore-size distribution, as obtained by image analysis of SEM pictures of the surface, gave a slight reduction of pores but still within the ultrafiltration range in accordance with a non-size exclusion mechanism for retention.&#xd;
The modifications studied led to UF membranes provided with enough negative charges to boost retention of anionic species quite similar to those of nanofiltration membranes but with much lower applied pressures.</subfield>
</datafield>
<datafield tag="024" ind2=" " ind1="8">
<subfield code="a">Separation and Purification Technology, Volume 210, 2019, Pages 371-381</subfield>
</datafield>
<datafield tag="024" ind2=" " ind1="8">
<subfield code="a">1383-5866</subfield>
</datafield>
<datafield tag="024" ind2=" " ind1="8">
<subfield code="a">https://uvadoc.uva.es/handle/10324/74497</subfield>
</datafield>
<datafield tag="024" ind2=" " ind1="8">
<subfield code="a">10.1016/j.seppur.2018.08.023</subfield>
</datafield>
<datafield tag="024" ind2=" " ind1="8">
<subfield code="a">371</subfield>
</datafield>
<datafield tag="024" ind2=" " ind1="8">
<subfield code="a">381</subfield>
</datafield>
<datafield tag="024" ind2=" " ind1="8">
<subfield code="a">Separation and Purification Technology</subfield>
</datafield>
<datafield tag="024" ind2=" " ind1="8">
<subfield code="a">210</subfield>
</datafield>
<datafield tag="245" ind1="0" ind2="0">
<subfield code="a">Ultrafiltration membranes modified by PSS deposition and plasma treatment for Cr(VI) removal</subfield>
</datafield>
</record></metadata></record></GetRecord></OAI-PMH>